000 00655nam a2200229 c 4500
001 000030433
003 RuMoIPM
005 20260428120907.0
008 230210s1979 ru ||||||| |||| ||rus d
035 _a(RuMoBEN) 001964203
035 _a(ELAR retro) [2022] 000034757
035 _a(RuMoBEN-CBP Bibliobus) 115853
040 _aRuMoBEN
_brus
_ercr
041 0 _arus
044 _aru
080 _a51-3
100 1 _aМоисеев, Никита Николаевич
245 1 0 _aМатематика ставит эксперимент
_cН. Н. Моисеев
260 _aМосква
_bНаука
_c1979
300 _a223 с.
942 _cBK
999 _c30433
_d30433